000 00324nam a2200109Ia 4500
008 220217s9999||||xx |||||||||||||| ||und||
100 _aVarghese, P.S
_92894
245 0 _aLimit state design of reinforced concrete
260 _aPrentice hall of india
_bNew Delhi
_c2002
300 _aXXXIV,545p
_b295
650 _aCHEMISTRY
999 _c170215
_d170215